| 000 | 01008nam a2200253Ia 4500 | ||
|---|---|---|---|
| 003 | OSt | ||
| 005 | 20220918110955.0 | ||
| 006 | a|||||r|||| 00| 0 | ||
| 007 | ta | ||
| 008 | 220915b |||||||| |||| 00| 0 hin d | ||
| 020 |
_a8170551692 (hbk) _c400 |
||
| 024 | _a259957 | ||
| 037 |
_b375, 17/02/2011, Vani Prakashan _cReference Collections |
||
| 040 |
_aARTS _cARTS _bhin |
||
| 041 |
_2hin _ahin |
||
| 082 | _aO152,3N06x, Q0(RR) | ||
| 100 |
_aत्रिपाठी, राधावल्लभ, संपा. _910329 |
||
| 245 | 0 | _aहजारीप्रसाद द्विवेदी संचयिता | |
| 246 | _aHajārīprasād dvivedī sanchayitā | ||
| 260 |
_aनई दिल्ली _bवाणी प्रकाशन भारत _c2010 |
||
| 300 | _a435पृ0 | ||
| 942 |
_hO152,3N06x, Q0(RR) _cREF |
||
| 999 |
_c116146 _d116146 |
||